[Event "Figueira da Foz op 17th"]
[Site "Figueira da Foz"]
[Date "2023.11.12"]
[Round "9"]
[White "Sieciechowicz, Marcin"]
[Black "Kaczmarek, Aleksander"]
[Result "0-1"]
[WhiteElo "2407"]
[BlackElo "2331"]
[PlyCount "88"]
[EventDate "2023.11.05"]
[EventType "swiss"]
[EventRounds "9"]
[EventCountry "POR"]
[SourceTitle "CB46_2023"]
[SourceDate "2023.11.15"]
[SourceVersion "1"]
[SourceVersionDate "2023.11.15"]
[SourceQuality "1"]

1. d4 Nf6 2. c4 e6 3. Nc3 Bb4 4. f3 0-0 5. a3 Bxc3+ 6. bxc3 d6 7. e4 h6 8. Bd3 e5 9. Ne2 c5 10. 0-0 Nc6 11. Be3 b6 12. d5 Na5 13. Ng3 Qe8 14. a4 Bd7 15. h3 Nh7 16. Ra2 g5 17. Kh2 f6 18. Nh1 Kg7 19. Qc2 Rh8 20. Ng3 h5 21. h4 gxh4 22. Nf5+ Bxf5 23. exf5 Ng5 24. Qf2 Nf7 25. Qxh4 Qd8 26. Rh1 Kf8 27. Kg1 Ke7 28. Rh3 Rg8 29. Qxh5 Qd7 30. Qh4 Rh8 31. Qg3 Rag8 32. Qh2 Qc8 33. g4 e4 34. Bxe4 Nxc4 35. Bf4 Nce5 36. Rxh8 Rxh8 37. Qe2 Rh3 38. a5 Qh8 39. Qg2 Qh4 40. Re2 Ng5 41. axb6 axb6 42. Rf2 Nxe4 43. fxe4 Nd3 44. g5 Rh1+ 0-1

[Event "Figueira da Foz op 17th"]
[Site "Figueira da Foz"]
[Date "2023.11.06"]
[Round "2"]
[White "Kaczmarek, Aleksander"]
[Black "Bernadskiy, Vitaliy"]
[Result "0-1"]
[WhiteElo "2331"]
[BlackElo "2546"]
[PlyCount "78"]
[EventDate "2023.11.05"]
[EventType "swiss"]
[EventRounds "9"]
[EventCountry "POR"]
[SourceTitle "CB46_2023"]
[SourceDate "2023.11.15"]
[SourceVersion "1"]
[SourceVersionDate "2023.11.15"]
[SourceQuality "1"]

1. e4 e5 2. Bc4 Nf6 3. d3 Nc6 4. Nc3 Na5 5. Qf3 d6 6. h3 c6 7. Bg5 b5 8. Bb3 h6 9. Bd2 g6 10. Nge2 Bg7 11. g4 Nxb3 12. axb3 h5 13. g5 Nd7 14. Qg2 Nc5 15. f4 exf4 16. Bxf4 Ne6 17. Be3 0-0 18. h4 b4 19. Na4 c5 20. 0-0 Bb7 21. c4 bxc3 22. Naxc3 Qb6 23. Ra3 Rae8 24. Nf4 Nxf4 25. Rxf4 d5 26. Na4 Qc7 27. Qf2 dxe4 28. Nxc5 exd3 29. Rxa7 Rxe3 30. Qxe3 d2 31. Ra1 Rd8 32. Rd1 Bd4 33. Rxd4 Rxd4 34. Nxb7 Rg4+ 35. Kf1 Qxb7 36. Qe8+ Kh7 37. Kf2 Rf4+ 38. Kg1 Qa7+ 39. Kh1 Qf2 0-1

[Event "POL-chT 2nd League"]
[Site "Jastrzebia Gora"]
[Date "2023.09.07"]
[Round "6.7"]
[White "Grzesik, Gracjan"]
[Black "Kaczmarek, Aleksander"]
[Result "1/2-1/2"]
[WhiteElo "2149"]
[BlackElo "2276"]
[PlyCount "86"]
[EventDate "2023.09.02"]
[EventType "team-swiss"]
[EventRounds "9"]
[EventCountry "POL"]
[SourceTitle "EXT 2024"]
[Source "ChessBase"]
[SourceDate "2023.10.10"]
[SourceVersion "1"]
[SourceVersionDate "2023.10.10"]
[SourceQuality "1"]
[WhiteTeam "Koszalin Hetman Politechnika"]
[BlackTeam "Bialoleka Sparta"]
[WhiteTeamCountry "POL"]
[BlackTeamCountry "POL"]

1. c4 e5 2. Nc3 Nc6 3. Nf3 f5 4. d4 e4 5. Ng5 Bb4 6. Nh3 Nf6 7. Bd2 Nxd4 8. Nxe4 Bxd2+ 9. Nxd2 0-0 10. e3 Qe7 11. Bd3 d6 12. 0-0 Nc6 13. Nf4 g5 14. Nd5 Nxd5 15. cxd5 Ne5 16. Be2 f4 17. exf4 gxf4 18. Nf3 Bg4 19. Nxe5 Bxe2 20. Qxe2 dxe5 21. Rfe1 Rae8 22. Qc4 Qd6 23. Rac1 Re7 24. f3 Rd8 25. Qb3 Qb6+ 26. Qxb6 axb6 27. Rc4 Kf7 28. Rec1 Rdd7 29. g3 fxg3 30. hxg3 Ke8 31. Kf2 Rg7 32. Ke3 Kd8 33. Rh1 Rxd5 34. Rch4 Rdd7 35. g4 c5 36. Rh6 b5 37. R1h5 Rge7 38. Ke4 Rd4+ 39. Ke3 Ra4 40. a3 b4 41. Rxh7 bxa3 42. bxa3 b5 43. g5 e4 1/2-1/2

[Event "Titled Tuesday intern op 15th Aug Late"]
[Site "Chess.com INT"]
[Date "2023.08.15"]
[Round "4"]
[White "Seletsky, Grigory"]
[Black "Kaczmarek, Aleksander"]
[Result "1/2-1/2"]
[WhiteElo "2220"]
[BlackElo "2262"]
[PlyCount "104"]
[EventDate "2023.08.15"]
[EventType "swiss (blitz)"]
[EventRounds "11"]
[EventCountry "USA"]
[SourceTitle "EXT 2024"]
[Source "ChessBase"]
[SourceDate "2023.10.10"]
[SourceVersion "1"]
[SourceVersionDate "2023.10.10"]
[SourceQuality "1"]

1. e4 e5 2. Nf3 Nc6 3. Bb5 a6 4. Bxc6 dxc6 5. d4 exd4 6. Qxd4 Qxd4 7. Nxd4 Bd7 8. Be3 0-0-0 9. Nd2 c5 10. Ne2 f6 11. 0-0-0 b6 12. f3 Ne7 13. Nc3 Ng6 14. Nd5 Bc6 15. Nf4 Ne5 16. Ne6 Re8 17. Nxf8 Rhxf8 18. Bf4 Ng6 19. Bg3 f5 20. exf5 Rxf5 21. Rhe1 Ref8 22. Nc4 h5 23. Re6 R5f6 24. Rxf6 Rxf6 25. h3 h4 26. Bh2 b5 27. Ne5 Nxe5 28. Bxe5 Rg6 29. Rd2 Rg5 30. Bf4 Rg6 31. Kd1 a5 32. Be3 c4 33. c3 Rxg2 34. Rxg2 Bxf3+ 35. Ke1 Bxg2 36. Bg5 Bxh3 37. Bxh4 Bf5 38. Kf2 Kd7 39. Ke3 Ke6 40. Kf4 Bb1 41. a3 c5 42. Bd8 Kd5 43. Bxa5 g5+ 44. Kxg5 Ke4 45. Kf6 Kd3 46. Ke5 Kc2 47. Kd5 Kxb2 48. Kxc5 Kxa3 49. Kxb5 Kb3 50. Bb4 Bd3 51. Kc5 Be2 52. Kd4 Bd3 1/2-1/2

[Event "Suwalki Warakomska Memorial 7th"]
[Site "Suwalki"]
[Date "2023.08.09"]
[Round "3"]
[White "Ilamparthi, AR."]
[Black "Kaczmarek, Aleksander"]
[Result "0-1"]
[WhiteElo "2384"]
[BlackElo "2262"]
[PlyCount "90"]
[EventDate "2023.08.07"]
[EventType "swiss"]
[EventRounds "9"]
[EventCountry "POL"]
[SourceTitle "CBM 215 Extra"]
[Source "ChessBase"]
[SourceDate "2023.09.30"]
[SourceVersion "1"]
[SourceVersionDate "2023.09.30"]
[SourceQuality "1"]

1. e4 c6 2. d4 d5 3. e5 c5 4. Nf3 Bg4 5. dxc5 e6 6. Be3 Nd7 7. Bb5 Ne7 8. b4 Nc6 9. Bxc6 bxc6 10. Nbd2 Nxe5 11. h3 Bxf3 12. Nxf3 Nc4 13. Bd4 f6 14. Nh4 e5 15. Qh5+ g6 16. Nxg6 hxg6 17. Qxh8 exd4 18. 0-0 Kf7 19. Qh4 f5 20. Qf4 Qb8 21. Qh4 Qd8 22. Qf4 a5 23. Rab1 Qb8 24. Qxd4 Bg7 25. Qd3 axb4 26. Rfe1 Bc3 27. Re2 Qf8 28. Qg3 Ra7 29. h4 Re7 30. Rxe7+ Qxe7 31. a4 Qxc5 32. h5 gxh5 33. Qg5 Nd6 34. Qxh5+ Ke6 35. Qg6+ Kd7 36. Rd1 Bd4 37. Rd2 Kc7 38. a5 Qxa5 39. Qh7+ Kb6 40. Qd7 Qa1+ 41. Kh2 Be5+ 42. g3 Qe1 43. Rd3 Qxf2+ 44. Kh3 Qf1+ 45. Kh4 Ne4 0-1

[Event "Warsaw Najdorf Memorial op-A"]
[Site "Warsaw"]
[Date "2023.07.14"]
[Round "4"]
[White "Tsiapko, Andrii"]
[Black "Kaczmarek, Aleksander"]
[Result "0-1"]
[WhiteElo "1996"]
[BlackElo "2313"]
[PlyCount "90"]
[EventDate "2023.07.11"]
[EventType "swiss"]
[EventRounds "9"]
[EventCountry "POL"]
[SourceTitle "EXT 2024"]
[Source "ChessBase"]
[SourceDate "2023.10.10"]
[SourceVersion "1"]
[SourceVersionDate "2023.10.10"]
[SourceQuality "1"]

1. d4 Nf6 2. Nf3 g6 3. Nbd2 Bg7 4. e4 d6 5. Bc4 0-0 6. 0-0 Nc6 7. c3 e5 8. dxe5 Nxe5 9. Nxe5 dxe5 10. Qe2 a5 11. a4 Qe7 12. b3 Rd8 13. Ba3 Qe8 14. Rad1 Nh5 15. Rfe1 Nf4 16. Qf3 h5 17. h3 c6 18. Bf1 b5 19. Kh2 Rb8 20. Qe3 Be6 21. axb5 cxb5 22. c4 Bh6 23. cxb5 Kh7 24. Qc3 Rdc8 25. Qxe5 Rc2 26. Bb2 Qf8 27. g3 Rc5 28. Qf6 Bg5 29. Qd4 Rd8 30. Qa4 Rc2 31. Ba3 Qg7 32. e5 Rdxd2 33. Rxd2 Rxd2 34. gxf4 Rxf2+ 35. Kg1 Rxf4 36. Qxa5 Bh4 37. Re2 Qh6 38. Qc3 Qg5+ 39. Bg2 Qf5 40. Bc1 Rf2 41. Rxf2 Qxf2+ 42. Kh1 Bd5 43. Bxd5 Qf1+ 44. Kh2 Bf2 45. h4 Bg1+ 0-1

[Event "Bydgoszcz op-A"]
[Site "Bydgoszcz"]
[Date "2023.07.02"]
[Round "9"]
[White "Kaczmarek, Aleksander"]
[Black "Grot, Blazej"]
[Result "1-0"]
[WhiteElo "2313"]
[BlackElo "2089"]
[PlyCount "69"]
[EventDate "2023.06.24"]
[EventType "swiss"]
[EventRounds "9"]
[EventCountry "POL"]
[SourceTitle "CBM 215 Extra"]
[Source "ChessBase"]
[SourceDate "2023.09.30"]
[SourceVersion "1"]
[SourceVersionDate "2023.09.30"]
[SourceQuality "1"]

1. e4 c5 2. Nf3 e6 3. b4 cxb4 4. a3 d5 5. e5 Nc6 6. axb4 Bxb4 7. c3 Be7 8. d4 a6 9. Bd3 h6 10. 0-0 Rb8 11. Na3 b5 12. Nc2 b4 13. Bb2 a5 14. c4 Bf8 15. Ne3 Nge7 16. Qb3 Ba6 17. Rfc1 dxc4 18. Nxc4 Bxc4 19. Bxc4 Qd7 20. Qa4 Na7 21. Qxa5 Nec6 22. Qa4 Be7 23. Rd1 0-0 24. d5 exd5 25. Bxd5 Qe8 26. Rdc1 Rb6 27. Nd4 Bg5 28. e6 fxe6 29. Nxe6 Bxc1 30. Nxg7+ Kh8 31. Rxc1 Qe2 32. Qa1 Qxf2+ 33. Kh1 Ra6 34. Ne6+ Kg8 35. Nxf8+ 1-0

[Event "Bydgoszcz op-A"]
[Site "Bydgoszcz"]
[Date "2023.07.01"]
[Round "8"]
[White "Dalkowski, Rafal"]
[Black "Kaczmarek, Aleksander"]
[Result "0-1"]
[WhiteElo "2017"]
[BlackElo "2313"]
[PlyCount "100"]
[EventDate "2023.06.24"]
[EventType "swiss"]
[EventRounds "9"]
[EventCountry "POL"]
[SourceTitle "CBM 215 Extra"]
[Source "ChessBase"]
[SourceDate "2023.09.30"]
[SourceVersion "1"]
[SourceVersionDate "2023.09.30"]
[SourceQuality "1"]

1. d4 Nf6 2. c4 e6 3. Nf3 Bb4+ 4. Bd2 Qe7 5. g3 0-0 6. Bg2 Nc6 7. 0-0 Bxd2 8. Qxd2 d6 9. b4 e5 10. d5 Nd8 11. Nc3 h6 12. e4 Nh7 13. Rae1 a6 14. Nh4 Qg5 15. Qd3 f6 16. c5 Nf7 17. Rc1 g6 18. cxd6 cxd6 19. Ne2 Qh5 20. Rc7 Nhg5 21. Kh1 Rb8 22. f4 Bg4 23. Rf2 Rbc8 24. Rxc8 Rxc8 25. fxg5 Bxe2 26. Qxe2 Qxe2 27. Rxe2 Rc1+ 28. Bf1 hxg5 29. Kg2 gxh4 30. gxh4 Rc4 31. a3 Rc3 32. b5 Rxa3 33. Rc2 Ra5 34. Rc7 axb5 35. Rxb7 f5 36. Bxb5 Ra2+ 37. Kf3 Rb2 38. Bc6 Rxb7 39. Bxb7 Kg7 40. Bc8 Kf6 41. Bd7 Nh6 42. Be6 Ke7 43. Bc8 fxe4+ 44. Kxe4 Ng8 45. Be6 Nf6+ 46. Ke3 Kf8 47. Kf3 Kg7 48. Kg3 Nh5+ 49. Kf3 Nf4 50. Ke4 Nxe6 0-1

[Event "Bydgoszcz op-A"]
[Site "Bydgoszcz"]
[Date "2023.06.26"]
[Round "3"]
[White "Kaczmarek, Aleksander"]
[Black "Sliwerski, Radoslaw"]
[Result "1-0"]
[WhiteElo "2313"]
[BlackElo "1984"]
[PlyCount "89"]
[EventDate "2023.06.24"]
[EventType "swiss"]
[EventRounds "9"]
[EventCountry "POL"]
[SourceTitle "CBM 215 Extra"]
[Source "ChessBase"]
[SourceDate "2023.09.30"]
[SourceVersion "1"]
[SourceVersionDate "2023.09.30"]
[SourceQuality "1"]

1. e4 c5 2. Nf3 d6 3. d4 cxd4 4. Nxd4 Nf6 5. Nc3 a6 6. Qe2 e5 7. Nf5 g6 8. Ne3 Be6 9. h4 h5 10. Bd2 Bh6 11. 0-0-0 Nc6 12. Kb1 Nd4 13. Qe1 b5 14. Ncd5 Bxd5 15. Nxd5 Nxd5 16. Bxh6 Rxh6 17. exd5 Kf8 18. f3 Kg7 19. Bd3 Qf6 20. Rf1 Nf5 21. f4 e4 22. Bxe4 Re8 23. Rd2 Qxh4 24. Qxh4 Nxh4 25. Bd3 Nf5 26. a4 Ng3 27. Rf3 Re1+ 28. Ka2 Ne4 29. Re2 Rxe2 30. Bxe2 bxa4 31. Bxa6 Nc5 32. Bb5 h4 33. b4 axb3+ 34. cxb3 Rh5 35. Bc6 g5 36. b4 g4 37. Rf1 Nd3 38. b5 h3 39. gxh3 gxh3 40. b6 Rh8 41. b7 Nb4+ 42. Ka3 h2 43. Kxb4 h1Q 44. Rxh1 Rxh1 45. Ka5 1-0

[Event "Titled Tuesday intern op 09th May Late"]
[Site "Chess.com INT"]
[Date "2023.05.09"]
[Round "3"]
[White "Cruz, William Ferreira Da"]
[Black "Kaczmarek, Aleksander"]
[Result "0-1"]
[WhiteElo "2216"]
[BlackElo "2313"]
[PlyCount "110"]
[EventDate "2023.05.09"]
[EventType "swiss (blitz)"]
[EventRounds "11"]
[EventCountry "USA"]
[SourceTitle "CBM 214 Extra"]
[Source "ChessBase"]
[SourceDate "2023.07.31"]
[SourceVersion "1"]
[SourceVersionDate "2023.07.31"]
[SourceQuality "1"]

1. d4 c5 2. d5 e6 3. c4 exd5 4. cxd5 d6 5. Nc3 a6 6. a4 g6 7. Nf3 Bg7 8. Bf4 Nf6 9. h3 0-0 10. e3 Bf5 11. Nd2 Re8 12. g4 Be4 13. Ndxe4 Nxe4 14. Nxe4 Rxe4 15. Bg2 Rb4 16. 0-0 Rxb2 17. Rb1 Rb4 18. Qd2 a5 19. e4 Rxa4 20. Rxb7 Rb4 21. Rb1 Ra6 22. Qd3 Rab6 23. Rxb6 Qxb6 24. Re1 c4 25. Qg3 Rb1 26. Rxb1 Qxb1+ 27. Kh2 c3 28. e5 c2 29. Be4 c1Q 30. Bxb1 Qxb1 31. exd6 Nd7 32. Qe3 Qb8 33. Qe7 Qc8 34. h4 h5 35. gxh5 gxh5 36. Qg5 a4 37. Qxh5 a3 38. Bh6 Qf8 39. Qg4 a2 40. Bxg7 Qxg7 41. Qxd7 a1Q 42. Qc8+ Kh7 43. Qf5+ Qg6 44. Qf4 Qaf6 45. Qg3 Qxd6 46. f4 Qxg3+ 47. Kxg3 Qxd5 48. Kg4 f5+ 49. Kg5 Kg7 50. h5 Qe6 51. h6+ Qxh6+ 52. Kxf5 Qf6+ 53. Ke4 Kg6 54. f5+ Qxf5+ 55. Ke3 Qg4 0-1

[Event "Titled Tuesday intern op 09th May Late"]
[Site "Chess.com INT"]
[Date "2023.05.09"]
[Round "2"]
[White "Kaczmarek, Aleksander"]
[Black "Korol, Dimitry"]
[Result "1-0"]
[WhiteElo "2313"]
[BlackElo "2287"]
[PlyCount "71"]
[EventDate "2023.05.09"]
[EventType "swiss (blitz)"]
[EventRounds "11"]
[EventCountry "USA"]
[SourceTitle "CBM 214 Extra"]
[Source "ChessBase"]
[SourceDate "2023.07.31"]
[SourceVersion "1"]
[SourceVersionDate "2023.07.31"]
[SourceQuality "1"]

1. e4 c5 2. Nf3 d6 3. d4 cxd4 4. Nxd4 Nf6 5. Nc3 g6 6. f4 Nbd7 7. Bd3 Bg7 8. Nf3 0-0 9. 0-0 a6 10. Qe1 Qc7 11. Bd2 b5 12. Qh4 Bb7 13. Rae1 Nc5 14. a3 d5 15. exd5 Nxd3 16. cxd3 Nxd5 17. Nxd5 Bxd5 18. Rxe7 Qc2 19. Bc3 Bxf3 20. Rxf3 Bxc3 21. bxc3 Qxc3 22. Rh3 Qd4+ 23. Ree3 Qg7 24. f5 h5 25. f6 Qh6 26. Reg3 Rfe8 27. Rg5 Rac8 28. Rhg3 Rc2 29. h3 Re1+ 30. Kh2 Rcc1 31. Rxg6+ fxg6 32. f7+ Kxf7 33. Rf3+ Kg8 34. Qd8+ Kg7 35. Qf8+ Kh7 36. Rf7+ 1-0

[Event "Titled Tuesday intern op 09th May Late"]
[Site "Chess.com INT"]
[Date "2023.05.09"]
[Round "10"]
[White "Karttunen, Mika"]
[Black "Kaczmarek, Aleksander"]
[Result "1-0"]
[WhiteElo "2490"]
[BlackElo "2313"]
[PlyCount "111"]
[EventDate "2023.05.09"]
[EventType "swiss (blitz)"]
[EventRounds "11"]
[EventCountry "USA"]
[SourceTitle "CBM 214 Extra"]
[Source "ChessBase"]
[SourceDate "2023.07.31"]
[SourceVersion "1"]
[SourceVersionDate "2023.07.31"]
[SourceQuality "1"]

1. c4 e5 2. Nc3 Nf6 3. Nf3 Nc6 4. e4 Bc5 5. Nxe5 Nxe5 6. d4 Bd6 7. c5 Bxc5 8. dxc5 Qe7 9. f4 Neg4 10. e5 Qxc5 11. Qe2 0-0 12. exf6 Nxf6 13. Be3 Qb4 14. 0-0-0 Re8 15. Qd3 d5 16. Bd4 c5 17. Qb5 Bg4 18. Qxb4 cxb4 19. Bxf6 bxc3 20. Bxc3 Bxd1 21. Kxd1 d4 22. Bd2 a6 23. Bd3 b5 24. Re1 f6 25. Rxe8+ Rxe8 26. g3 g6 27. a4 Kg7 28. axb5 axb5 29. b4 Rb8 30. Ke2 Kf7 31. f5 gxf5 32. Bxf5 h5 33. Kd3 Ke7 34. Be4 Rc8 35. Bd5 Kd6 36. Kxd4 Rc2 37. Bf4+ Ke7 38. h4 Rb2 39. Kc5 Rb1 40. Kxb5 Kd7 41. Bc6+ Ke7 42. Kc5 Rb2 43. b5 Rc2+ 44. Kd4 f5 45. Bd5 Rb2 46. Bc4 Rb4 47. Kc5 Rb1 48. b6 Kd8 49. Bd5 Kd7 50. b7 Rc1+ 51. Kd4 Rd1+ 52. Ke5 Kc7 53. Bf3 Re1+ 54. Kxf5+ Kd7 55. b8Q Re5+ 56. Qxe5 1-0

[Event "POL-chT 2nd League"]
[Site "Jastrzebia Gora"]
[Date "2022.09.05"]
[Round "3.54"]
[White "Kaczmarek, Aleksander"]
[Black "Golenia, Wojciech"]
[Result "0-1"]
[WhiteElo "2323"]
[BlackElo "2175"]
[PlyCount "44"]
[EventDate "2022.09.03"]
[EventType "team-swiss"]
[EventRounds "9"]
[EventCountry "POL"]
[SourceTitle "CBM 210 Extra"]
[Source "ChessBase"]
[SourceDate "2022.11.30"]
[SourceVersion "1"]
[SourceVersionDate "2022.11.30"]
[SourceQuality "1"]
[WhiteTeam "Legnica Miedz"]
[BlackTeam "Wieliczka MKS MOS"]
[WhiteTeamCountry "POL"]
[BlackTeamCountry "POL"]

1. e4 e5 2. Nf3 Nc6 3. Bb5 a6 4. Ba4 Nf6 5. 0-0 Be7 6. d3 d6 7. Nc3 0-0 8. a3 b5 9. Bb3 Bg4 10. Be3 Nd4 11. Bxd4 exd4 12. Nd5 c5 13. h3 Be6 14. c3 dxc3 15. bxc3 Nxd5 16. exd5 Bd7 17. d4 Rc8 18. Bc2 Bf6 19. Re1 cxd4 20. cxd4 g6 21. Bd3 Qb6 22. Bf1 Kg7 0-1

[Event "Suwalki Warakomska Memorial 6th"]
[Site "Suwalki"]
[Date "2022.08.04"]
[Round "2"]
[White "Leskiewicz, Ignacy"]
[Black "Kaczmarek, Aleksander"]
[Result "1-0"]
[WhiteElo "2118"]
[BlackElo "2357"]
[PlyCount "75"]
[EventDate "2022.08.03"]
[EventType "swiss"]
[EventRounds "9"]
[EventCountry "POL"]
[SourceTitle "CBM 209 Extra"]
[Source "ChessBase"]
[SourceDate "2022.09.30"]
[SourceVersion "1"]
[SourceVersionDate "2022.09.30"]
[SourceQuality "1"]

1. e4 c6 2. d4 d5 3. e5 c5 4. dxc5 Nc6 5. Nf3 Bg4 6. Bb5 e6 7. b4 Nge7 8. Bb2 a6 9. Ba4 Ng6 10. h3 Bxf3 11. Qxf3 b5 12. cxb6 Qxb6 13. a3 Be7 14. c4 Nh4 15. Qg4 dxc4 16. Nd2 0-0 17. Nxc4 Qb7 18. Qe4 Rac8 19. 0-0 Rc7 20. Rac1 Nd4 21. Qxb7 Ne2+ 22. Kh1 Rxb7 23. Rc2 Rc7 24. Bb3 Nf4 25. g3 Nxh3 26. gxh4 Bxh4 27. f4 g5 28. fxg5 Rd8 29. Nd6 Rxc2 30. Bxc2 Nf2+ 31. Kg1 Ng4 32. Rf4 f5 33. gxf6 h5 34. Bb3 Bg3 35. Bxe6+ Kf8 36. Rxg4 hxg4 37. Bc1 Bxe5 38. Bh6# 1-0

[Event "Suwalki Warakomska Memorial 6th"]
[Site "Suwalki"]
[Date "2022.08.03"]
[Round "1"]
[White "Kaczmarek, Aleksander"]
[Black "Lisowski, Krzysztof"]
[Result "1/2-1/2"]
[WhiteElo "2357"]
[BlackElo "2126"]
[PlyCount "93"]
[EventDate "2022.08.03"]
[EventType "swiss"]
[EventRounds "9"]
[EventCountry "POL"]
[SourceTitle "CBM 209 Extra"]
[Source "ChessBase"]
[SourceDate "2022.09.30"]
[SourceVersion "1"]
[SourceVersionDate "2022.09.30"]
[SourceQuality "1"]

1. e4 c6 2. d4 d5 3. e5 Bf5 4. c4 e6 5. Nc3 Ne7 6. a3 dxc4 7. Bxc4 Nd7 8. Nge2 Nb6 9. Ba2 h6 10. 0-0 Bh7 11. Be3 Qd7 12. f4 Ned5 13. Qd2 Be7 14. Kh1 0-0-0 15. a4 a5 16. Bg1 Kb8 17. Ng3 Bb4 18. Qc1 f5 19. exf6 gxf6 20. Nce4 h5 21. Nc5 Qe8 22. Nge4 h4 23. h3 Bf5 24. Qd1 Qg6 25. Qf3 Rhg8 26. Rf2 Nxa4 27. Bh2 Kc8 28. Nxa4 Bxe4 29. f5 Qxf5 30. Qxf5 Bxf5 31. Bxd5 Rxd5 32. Nb6+ Kd8 33. Nxd5 cxd5 34. Rc1 Rg7 35. Bb8 Be4 36. Kh2 Rg6 37. g3 e5 38. gxh4 exd4 39. Bf4 d3 40. h5 Rg8 41. h6 b6 42. Bg3 d2 43. Rd1 Bc2 44. Rdxd2 Bxd2 45. Rxd2 Be4 46. Bh4 Ke7 47. Rf2 1/2-1/2

[Event "POL-chT 1st League"]
[Site "Szklarska Poreba"]
[Date "2021.09.11"]
[Round "8.12"]
[White "Kaczmarek, Aleksander"]
[Black "Fus, Jakub"]
[Result "0-1"]
[WhiteElo "2368"]
[BlackElo "2376"]
[PlyCount "64"]
[EventDate "2021.09.04"]
[EventType "team-swiss"]
[EventRounds "9"]
[EventCountry "POL"]
[SourceTitle "CBM 204 Extra"]
[Source "ChessBase"]
[SourceDate "2021.11.30"]
[SourceVersion "1"]
[SourceVersionDate "2021.11.30"]
[SourceQuality "1"]
[WhiteTeam "Krakow Gens Una Sumus"]
[BlackTeam "Warszawa Czternastka"]
[WhiteTeamCountry "POL"]
[BlackTeamCountry "POL"]

1. e4 c5 2. Nf3 e6 3. d4 cxd4 4. Nxd4 Nf6 5. Nc3 Nc6 6. a3 Be7 7. f4 0-0 8. e5 Nd5 9. Nxd5 exd5 10. Nxc6 bxc6 11. Bd3 Qb6 12. c3 d6 13. Qc2 Re8 14. Bxh7+ Kh8 15. Bd3 dxe5 16. Qe2 e4 17. Be3 c5 18. Bb1 Ba6 19. Qh5+ Kg8 20. Ba2 Qxb2 21. Bxd5 Bh4+ 22. g3 Qxa1+ 23. Kf2 Qb2+ 24. Kg1 Re7 25. Bxa8 Be2 26. Qxc5 Bf3 27. Qc8+ Kh7 28. Qh3 Rd7 29. Bd4 e3 30. Qf1 Bxa8 31. gxh4 Rxd4 32. cxd4 e2 0-1

[Event "POL-chT 1st League"]
[Site "Szklarska Poreba"]
[Date "2021.09.06"]
[Round "3.13"]
[White "Lewtak, Damian"]
[Black "Kaczmarek, Aleksander"]
[Result "1/2-1/2"]
[WhiteElo "2397"]
[BlackElo "2368"]
[PlyCount "29"]
[EventDate "2021.09.04"]
[EventType "team-swiss"]
[EventRounds "9"]
[EventCountry "POL"]
[SourceTitle "CBM 204 Extra"]
[Source "ChessBase"]
[SourceDate "2021.11.30"]
[SourceVersion "1"]
[SourceVersionDate "2021.11.30"]
[SourceQuality "1"]
[WhiteTeam "Debica Gryf"]
[BlackTeam "Krakow Gens Una Sumus"]
[WhiteTeamCountry "POL"]
[BlackTeamCountry "POL"]

1. d4 f5 2. Bg5 Nf6 3. Bxf6 exf6 4. e3 d5 5. c4 Be6 6. Qb3 Nc6 7. Nc3 Bb4 8. a3 Bxc3+ 9. Qxc3 0-0 10. Ne2 g5 11. b3 Qd7 12. g3 Qf7 13. Rc1 Ne7 14. Bg2 c6 15. Qc2 1/2-1/2

[Event "POL-chT 1st League"]
[Site "Szklarska Poreba"]
[Date "2021.09.04"]
[Round "1.5"]
[White "Marszalek, Maciej"]
[Black "Kaczmarek, Aleksander"]
[Result "1/2-1/2"]
[WhiteElo "2291"]
[BlackElo "2368"]
[PlyCount "108"]
[EventDate "2021.09.04"]
[EventType "team-swiss"]
[EventRounds "9"]
[EventCountry "POL"]
[SourceTitle "CBM 204 Extra"]
[Source "ChessBase"]
[SourceDate "2021.11.30"]
[SourceVersion "1"]
[SourceVersionDate "2021.11.30"]
[SourceQuality "1"]
[WhiteTeam "Stara Wies Parnas"]
[BlackTeam "Krakow Gens Una Sumus"]
[WhiteTeamCountry "POL"]
[BlackTeamCountry "POL"]

1. d4 c5 2. d5 d6 3. c4 g6 4. Nf3 Bg7 5. g3 e5 6. e4 Ne7 7. Nc3 0-0 8. Bg2 Na6 9. 0-0 Nc7 10. Ne1 Rb8 11. a4 b6 12. Nd3 a6 13. f4 exf4 14. Bxf4 Ne8 15. Kh1 h6 16. Qd2 g5 17. Be3 Ng6 18. b4 Nf6 19. Rab1 Ng4 20. Nd1 Bd7 21. Bg1 Bxa4 22. Qa2 Bxd1 23. Rfxd1 Ra8 24. bxc5 bxc5 25. Qa4 a5 26. Rb5 h5 27. Rf1 h4 28. Bh3 N4e5 29. Nxe5 Bxe5 30. Rb3 hxg3 31. hxg3 Rb8 32. Rxb8 Qxb8 33. Qxa5 Qb3 34. Qe1 Kg7 35. Be3 Rh8 36. Kg2 Qc2+ 37. Qf2 Qxe4+ 38. Qf3 Qxf3+ 39. Rxf3 f6 40. Rf2 Ra8 41. Rc2 Ra3 42. Bf2 Bc3 43. Bg4 Ne5 44. Be2 f5 45. Be3 Kf6 46. Bc1 Rb3 47. Ra2 Ng6 48. Bd3 Bd4 49. Bc2 Rb4 50. Bd2 Rb6 51. Ba5 Rb8 52. Bc7 Rb4 53. Bd8+ Ke5 54. Bxg5 Rb2 1/2-1/2

[Event "Rubinstein Memorial op-A 57th"]
[Site "Polanica Zdroj"]
[Date "2021.08.19"]
[Round "6"]
[White "Kaczmarek, Aleksander"]
[Black "Golecki, Jan"]
[Result "0-1"]
[WhiteElo "2363"]
[BlackElo "2102"]
[PlyCount "82"]
[EventDate "2021.08.14"]
[EventType "swiss"]
[EventRounds "9"]
[EventCountry "POL"]
[SourceTitle "CBM 203 Extra"]
[Source "ChessBase"]
[SourceDate "2021.09.30"]
[SourceVersion "1"]
[SourceVersionDate "2021.09.30"]
[SourceQuality "1"]

1. e4 c5 2. b4 cxb4 3. Nf3 d5 4. exd5 Qxd5 5. c4 bxc3 6. Nxc3 Qa5 7. Bb5+ Bd7 8. Rb1 Nc6 9. 0-0 Nf6 10. Qb3 e6 11. d4 a6 12. Bd3 Be7 13. Ne4 0-0 14. Qxb7 Rfd8 15. Bf4 Nd5 16. Bg3 Ncb4 17. Ne5 Be8 18. Nc5 f6 19. Nc4 Qb5 20. Nb6 Qxb6 21. Qxb6 Nxb6 22. Rxb4 Nd7 23. Be4 Nxc5 24. dxc5 Rac8 25. Rb6 Bxc5 26. Rxe6 Bd7 27. Rxa6 Bb5 28. Ra5 Bxf1 29. Kxf1 Bb4 30. Bd5+ Kh8 31. Rb5 Re8 32. f4 Rc1+ 33. Kf2 Bc5+ 34. Kf3 f5 35. Be6 g6 36. Rxc5 Rxc5 37. Bb3 Rc3+ 38. Kf2 Kg7 39. Bh4 h6 40. h3 Re4 41. Bg3 Rd4 0-1

[Event "Rubinstein Memorial op-A 57th"]
[Site "Polanica Zdroj"]
[Date "2021.08.15"]
[Round "2"]
[White "Kaczmarek, Aleksander"]
[Black "Kejna, Piotr"]
[Result "1-0"]
[WhiteElo "2363"]
[BlackElo "1722"]
[PlyCount "69"]
[EventDate "2021.08.14"]
[EventType "swiss"]
[EventRounds "9"]
[EventCountry "POL"]
[SourceTitle "CBM 203 Extra"]
[Source "ChessBase"]
[SourceDate "2021.09.30"]
[SourceVersion "1"]
[SourceVersionDate "2021.09.30"]
[SourceQuality "1"]

1. e4 c5 2. b3 Nc6 3. Bb2 d6 4. Bb5 e5 5. Ne2 Nf6 6. d3 Bd7 7. 0-0 Qc7 8. Nd2 Nd4 9. Bxd7+ Nxd7 10. Nc4 Nb6 11. Ne3 0-0-0 12. a4 Qc6 13. a5 Na8 14. Nc3 Nc7 15. Ncd5 Nxd5 16. Nxd5 Ne6 17. c4 Kb8 18. b4 f6 19. Bc3 Qc8 20. Qf3 Nc7 21. Ne3 Qe6 22. Rfb1 g6 23. Ra3 Rd7 24. Rab3 Ne8 25. Nd5 h5 26. a6 Rhh7 27. axb7 Rxb7 28. b5 Qg4 29. Qe3 Bh6 30. Qe1 f5 31. b6 axb6 32. Nxb6 fxe4 33. dxe4 Bg5 34. Ra1 Nf6 35. Qb1 1-0